Modern Economic Theory; (Record no. 35988)

MARC details
000 -LEADER
fixed length control field 00481nam a22001817a 4500
005 - DATE AND TIME OF LATEST TRANSACTION
control field 20240701090324.0
008 - FIXED-LENGTH DATA ELEMENTS--GENERAL INFORMATION
fixed length control field 240701b |||||||| |||| 00| 0 eng d
020 ## - INTERNATIONAL STANDARD BOOK NUMBER
ISBN 81-219-0004-2
082 ## - DEWEY DECIMAL CLASSIFICATION NUMBER
Classification number 330
Item number DEW-M
100 ## - MAIN ENTRY--AUTHOR
Author Name Dewett, K.K.
245 ## - TITLE STATEMENT
Title Modern Economic Theory;
Statement of responsibility, etc. K.K. Dewett
260 ## - PUBLICATION, DISTRIBUTION, ETC.
Place of Publication New Delhi;
Name of publisher, distributor, etc. S.Chand & Company;
Date of publication, distribution, etc. 1993
300 ## - PHYSICAL DESCRIPTION
Pages xvi, 741 p.:
500 ## - GENERAL NOTE
General note Include index.
650 ## - SUBJECT ADDED ENTRY--TOPICAL TERM
Subject / Department Economics
700 ## - ADDED ENTRY--PERSONAL NAME
Personal name Adarsh Chand
300 ## - PHYSICAL DESCRIPTION
-- ill;
-- 9.2 cm.
952 ## - LOCATION AND ITEM INFORMATION (KOHA)
-- 0
-- 0
Holdings
Lost status Damaged status Collection code Permanent Location Current Location Shelving Location Date acquired Full Call Number Accession No./Barcode Date last seen item type Koha item type
    Economics/Commerce Superior Information Resource Center (SIRC) Superior University - City Campus Superior Information Resource Center (SIRC) Superior University - City Campus Economics 07/01/2024 330 DEW-M 1993 28213 07/01/2024 BOOK BOOK

Powered by Koha